La ciencia : búsqueda interminable /

Uloženo v:
Podrobná bibliografie
Hlavní autor: Vergara, William C. (autor)
Médium: Kniha
Jazyk:španělština
Vydáno: México : Diana, 1966
Témata:
Tagy: Přidat tag
Žádné tagy, Buďte první, kdo vytvoří štítek k tomuto záznamu!

MARC

LEADER 00000nam^a2200000^a^4500
001 000008521
005 20260320000000.0
009 20260407165718.551
037 |a Acervo ITESO - Biblioteca 
041 |a ESP 
082 |a 500. 2  |b VER 
100 |a Vergara, William C.  |e (autor) 
245 1 3 |a La ciencia :  |b búsqueda interminable /  |c W.C. Vergara. 
264 1 |a México :  |b Diana,  |c 1966 
300 |a 477 p. 
336 |a texto  |b txt  |2 rdacontenido 
337 |a sin mediación  |b n  |2 rdamedio 
338 |a volumen  |b nc  |2 rdasoporte 
500 |a Traducción de: Science, The Never-Ending Quest 
649 |a XX 
650 |a Epistemología 
910 |a Fondo General 
920 |a Impresos - Libros 
930 |a Colección General 
905 |a 101 
901 |a 0085210100  |b IT1  |c ACC  |d BD  |i 008521  |u 20260320 
902 |a https://opac.biblio.iteso.mx/vufind/Record/000008521